Countries With .800+ HDI (1st World Country) - Statistics

General Stats
  • This quiz has been taken 75 times
  • The average score is 55 of 61
Answer Stats
HDI Country % Correct
0.938 Finland
100%
0.957 Norway
100%
0.945 Sweden
100%
0.932 United Kingdom
100%
0.944 Australia
99%
0.922 Austria
99%
0.947 Germany
99%
0.919 Japan
99%
0.88 Poland
99%
0.916 South Korea
99%
0.955 Switzerland
99%
0.929 Canada
97%
0.94 Denmark
97%
0.901 France
97%
0.888 Greece
97%
0.949 Iceland
97%
0.955 Ireland
97%
0.931 New Zealand
97%
0.864 Portugal
97%
0.926 United States
97%
0.892 Estonia
96%
0.854 Hungary
96%
0.919 Israel
96%
0.866 Latvia
96%
0.917 Slovenia
96%
0.904 Spain
96%
0.892 Italy
94%
0.882 Lithuania
94%
0.944 Netherlands
94%
0.9 Czechia
93%
0.848 Qatar
93%
0.854 Saudi Arabia
93%
0.89 United Arab Emirates
93%
0.931 Belgium
91%
0.806 Kuwait
91%
0.916 Luxembourg
91%
0.828 Romania
91%
0.806 Serbia
91%
0.938 Singapore
91%
0.868 Andorra
90%
0.816 Bulgaria
90%
0.851 Chile
90%
0.851 Croatia
90%
0.86 Slovakia
90%
0.919 Liechtenstein
88%
0.814 Oman
88%
0.824 Russia
88%
0.82 Turkey
88%
0.845 Argentina
87%
0.852 Bahrain
87%
0.895 Malta
87%
0.887 Cyprus
84%
0.815 Panama
82%
0.81 Costa Rica
79%
0.817 Uruguay
78%
0.81 Malaysia
76%
0.823 Belarus
73%
0.829 Montenegro
73%
0.825 Kazakhstan
70%
0.812 Georgia
69%
0.838 Brunei
67%
No matching quizzes found
Score Distribution
Percent of People with Each Score
Percentile by Number Answered
Your Score History
You have not taken this quiz